Ekonomické aspekty environmentálnej politiky vo vybranom podnikateľskom subjekte bakalárska práca

Salvato in:
Dettagli Bibliografici
Autore principale: Beľáková, Simona
Ente Autore: Podnikovohospodárska fakulta EU so sídlom v Košiciach. Katedra marketingu a obchodu
Altri autori: Andrejovský, Pavol, 1975-
Natura: Libro
Lingua:slovacco
Pubblicazione: Košice 2012
Tags: Aggiungi Tag
Nessun Tag, puoi essere il primo ad aggiungerne!!

MARC

LEADER 00000nbm a2200000 4500
001 0155566
005 20161109111901.0
041 0 |a slo 
044 |a SK 
245 1 0 |a Ekonomické aspekty environmentálnej politiky vo vybranom podnikateľskom subjekte  |b bakalárska práca  |c Simona Beľáková ; školiteľ: Pavol Andrejovský 
264 1 |a Košice  |c 2012 
300 |a 44 s. 
100 1 |a Beľáková, Simona 
700 1 |a Andrejovský, Pavol, 1975- 
710 2 |a Podnikovohospodárska fakulta EU so sídlom v Košiciach. Katedra marketingu a obchodu